000
00204 a2200097 4500
001
57416
100
_a
245
_a
Islami Reyasat
260
_a
Lahore
_b
Al-Faisal
_c
1992
090
_c
35147
_d
35147
942
_a
NUST-CAE
_c
MONOGRAPH
_c
27944
999
_c
292489
_d
292489